000
00317nam a22001457a 4500
008
221213b ||||| |||| 00| 0 eng d
020
_a
9784435000
041
_a
eng
080
_a
61
082
_a
61NOV
100
_a
4
101
_a
MJEKS
245
_a
PUBLIC HEALTH ADMINISTRATION
_c
NOVICK F L
942
_2
udc
_c
BK
999
_c
59177
_d
59177